Idős betegek gyógyszerezése PIM-listák alapján [absztrakt] /

Elmentve itt :
Bibliográfiai részletek
Szerző: Kovács Eszter
Testületi szerző: VI. Eötvözet : Eötvös Collegium és az Eötvös Loránd Kollégium közös bölcsészkonferenciája
Dokumentumtípus: Könyv része
Megjelent: SZTE Eötvös Loránd Kollégium Szeged 2017
Sorozat:Acta Szegediensia Collegii de Rolando Eötvös Nominati : Eötvözet 6
Kulcsszavak:Gyógyszerezés - idősek - kórházi - előadáskivonat
Tárgyszavak:
Online Access:http://acta.bibl.u-szeged.hu/86480
LEADER 00990naa a2200217 i 4500
001 acta86480
005 20250218151505.0
008 250218s2017 hu o 100 hun d
022 |a 2062-8439 
040 |a SZTE Egyetemi Kiadványok Repozitórium  |b hun 
041 |a hun 
100 1 |a Kovács Eszter 
245 1 0 |a Idős betegek gyógyszerezése PIM-listák alapján   |h [elektronikus dokumentum] :  |b [absztrakt] /  |c  Kovács Eszter 
260 |a SZTE Eötvös Loránd Kollégium  |b Szeged  |c 2017 
300 |a 18 
490 0 |a Acta Szegediensia Collegii de Rolando Eötvös Nominati : Eötvözet  |v 6 
650 4 |a Orvos- és egészségtudomány 
650 4 |a Általános orvostudomány 
695 |a Gyógyszerezés - idősek - kórházi - előadáskivonat 
711 |a VI. Eötvözet : Eötvös Collegium és az Eötvös Loránd Kollégium közös bölcsészkonferenciája  |c Szeged  |d 2017. április 7-8. 
856 4 0 |u http://acta.bibl.u-szeged.hu/86480/1/eotvozet_006_osszefoglalok_018.pdf  |z Dokumentum-elérés